000 00533nam a22001817a 4500
003 OSt
008 260606b |||||||| |||| 00| 0 eng d
020 _a9789390660193
082 _a631.4
_bR16F
245 _aFundamentals of Soil Science
_bby R. Rajeswari...[et al.]
260 _aDelhi:
_bSatish Serial Publishing House,
_c2023.
300 _aviii, 183 p.
650 _aTechnology (Applied sciences)
650 _aAgriculture and related technologies
650 _aSoil science
700 _aRajeswari, R.
942 _2ddc
_cBK
999 _c51636
_d51636